000 01204nam a22003137a 4500
005 20110301115552.0
008 110301t xxu||||| |||| 00| 0 eng d
010 _aENG-102058
020 _a9780071074049
_c295.00
020 _a007107404x
_c295.00
035 _aEN-85591
037 _bDBAD/PUB
040 _adpl
_bEng
082 0 0 _a658.4092
100 1 _aMendonca, Manuel
_926309
245 1 0 _aEthical leadership /
_cby Manuel Mendonca [and] Rabindra N. Kanungo
260 _aNew Delhi
_bTata McGraw Hill
_c2010
270 _a7 West Patel Nagar
_bNew Delhi
_e110008
300 _axi, 156 p.
_c23 cm (pbk)
490 _aWork and organizational psychology
_926314
500 _aIncludes bibliographical references and index.
650 0 _aLeadership |x Moral and ethical aspects.
_926310
650 0 _aBusiness ethics.
_926315
650 0 _aOrganizational behavior.
_926316
700 1 _aKanungo, Rabindra Nath
_926311
942 _2ddc
_cEN
_h658.4092
_mMEN
999 _c50827
_d50827